[Event "HUN-chT2 Barcza 1415"]
[Site "Hungary"]
[Date "2015.03.01"]
[Round "?"]
[White "Ruboczki, Tibor"]
[Black "Beres, Istvan"]
[Result "1-0"]
[WhiteElo "2006"]
[BlackElo "1744"]
[PlyCount "69"]
[EventDate "2014.09.07"]
[EventType "team-tourn"]
[EventRounds "11"]
[EventCountry "HUN"]
[SourceTitle "EXT 2016"]
[Source "ChessBase"]
[SourceDate "2015.10.08"]
[SourceVersion "1"]
[SourceVersionDate "2015.10.08"]
[SourceQuality "1"]
[WhiteTeam "Nyiregyhaza"]
[BlackTeam "Sajobabony"]
[WhiteTeamCountry "HUN"]
[BlackTeamCountry "HUN"]

1. d4 Nf6 2. Nf3 g6 3. c4 Bg7 4. Nc3 d5 5. Bf4 0-0 6. e3 c6 7. h3 Nbd7 8. Bd3 Re8 9. 0-0 Nh5 10. Bh2 e5 11. cxd5 cxd5 12. Nxd5 e4 13. Bc7 exf3 14. Bxd8 fxg2 15. Kxg2 Rxd8 16. Rc1 Bf8 17. Qf3 Rb8 18. Kh1 b5 19. Rc7 Kg7 20. Rxa7 Ndf6 21. Nxf6 Nxf6 22. Rc1 Be6 23. Rc6 Rd6 24. Rxd6 Bxd6 25. e4 Nd7 26. e5 Be7 27. Rb7 Rc8 28. Bxb5 Rc1+ 29. Kg2 Bh4 30. Bxd7 Bc4 31. Qe4 Bf1+ 32. Kf3 Bg5 33. h4 Bd2 34. Be6 Kh6 35. Rxf7 1-0

[Event "HUN-chT2 Barcza 1415"]
[Site "Hungary"]
[Date "2014.09.07"]
[Round "?"]
[White "Beres, Istvan"]
[Black "Kiss, Gergo"]
[Result "0-1"]
[WhiteElo "1744"]
[BlackElo "1887"]
[PlyCount "102"]
[EventDate "2014.09.07"]
[EventType "team-tourn"]
[EventRounds "11"]
[EventCountry "HUN"]
[SourceTitle "EXT 2016"]
[Source "ChessBase"]
[SourceDate "2015.10.08"]
[SourceVersion "1"]
[SourceVersionDate "2015.10.08"]
[SourceQuality "1"]
[WhiteTeam "Sajobabony"]
[BlackTeam "Piremon"]
[WhiteTeamCountry "HUN"]
[BlackTeamCountry "HUN"]

1. d4 Nf6 2. c4 e6 3. Nf3 d5 4. g3 c5 5. Bg2 Nc6 6. cxd5 exd5 7. 0-0 Be7 8. Nc3 Be6 9. Bg5 h6 10. Bd2 cxd4 11. Nb5 d3 12. exd3 Qb6 13. a4 0-0 14. Be3 Qd8 15. Nfd4 Nxd4 16. Nxd4 Bg4 17. f3 Bd7 18. Qd2 Rc8 19. a5 a6 20. Rfc1 Rxc1+ 21. Rxc1 Bd6 22. Nb3 Qe7 23. Nc5 Bf5 24. b4 Nd7 25. Re1 Nxc5 26. Bxc5 Bxc5+ 27. bxc5 Qxc5+ 28. d4 Qd6 29. Re5 Bd7 30. f4 Bc6 31. f5 Re8 32. Qe3 Kf8 33. h4 f6 34. Rxe8+ Bxe8 35. Qb3 Bc6 36. Kf2 Qd7 37. Bh3 Bb5 38. g4 Qd6 39. Qe3 Qh2+ 40. Ke1 Qa2 41. Kd1 Qxa5 42. g5 hxg5 43. hxg5 Qa1+ 44. Kd2 fxg5 45. f6 Qb2+ 46. Kd1 gxf6 47. Be6 Qb1+ 48. Kd2 Qe4 49. Qh3 Qxd4+ 50. Kc1 Qh4 51. Qc3 Qc4 0-1

[Event "HUN-chT2 Barcza 1314"]
[Site "Hungary"]
[Date "2014.04.27"]
[Round "11"]
[White "Beres, Istvan"]
[Black "Janecsko, Pal"]
[Result "1-0"]
[WhiteElo "1595"]
[BlackElo "1573"]
[PlyCount "87"]
[EventDate "2013.09.08"]
[EventType "team-tourn"]
[EventRounds "11"]
[EventCountry "HUN"]
[SourceTitle "EXT 2016"]
[Source "ChessBase"]
[SourceDate "2015.10.08"]
[SourceVersion "1"]
[SourceVersionDate "2015.10.08"]
[SourceQuality "1"]
[WhiteTeam "Sajobabony"]
[BlackTeam "Tiszavasvar"]
[WhiteTeamCountry "HUN"]
[BlackTeamCountry "HUN"]

1. d4 d5 2. Nf3 Nf6 3. g3 e6 4. Bg2 Be7 5. 0-0 0-0 6. c4 dxc4 7. Ne5 c6 8. Nxc4 Nbd7 9. Nc3 Nb6 10. Ne5 Bd6 11. Nd3 Qc7 12. Bg5 Nfd5 13. e4 Nb4 14. e5 Be7 15. Bxe7 Qxe7 16. Ne4 Nxd3 17. Qxd3 Rd8 18. Rfd1 Nd7 19. Qc3 Nb6 20. Nd6 Rb8 21. Qa5 Qc7 22. Rac1 a6 23. Nc4 Nd5 24. Bxd5 Qxa5 25. Nxa5 exd5 26. Kg2 Be6 27. Nb3 Kf8 28. a4 Rdc8 29. Rc3 Ke7 30. Rdc1 h6 31. Re1 f5 32. h3 h5 33. Nc5 Ra8 34. a5 Rc7 35. Rb3 Ra7 36. Rc1 g5 37. f3 g4 38. hxg4 hxg4 39. Rh1 Bc8 40. Rh7+ Kd8 41. Rh8+ Ke7 42. Re3 Ra8 43. e6 Kd6 44. e7 1-0

[Event "HUN-chT2 Barcza 1213"]
[Site "Hungary"]
[Date "2013.02.17"]
[Round "7.12"]
[White "Barnoth, Robert"]
[Black "Beres, Istvan"]
[Result "0-1"]
[WhiteElo "1704"]
[BlackElo "1643"]
[PlyCount "58"]
[EventDate "2012.09.16"]
[EventType "team-tourn"]
[EventRounds "11"]
[EventCountry "HUN"]
[SourceTitle "EXT 2014"]
[Source "ChessBase"]
[SourceDate "2013.11.20"]
[SourceVersion "1"]
[SourceVersionDate "2013.11.20"]
[SourceQuality "1"]
[WhiteTeam "Piremon"]
[BlackTeam "Sajoszentpeter"]
[WhiteTeamCountry "HUN"]
[BlackTeamCountry "HUN"]

1. e4 c5 2. Nf3 d6 3. d4 cxd4 4. Nxd4 Nf6 5. Nc3 a6 6. Bg5 Nbd7 7. Bd3 h6 8. Bh4 g5 9. Bg3 Qb6 10. Nb3 Bg7 11. Qd2 Qc6 12. Nd4 Qb6 13. Nf5 Bf8 14. Rb1 Nc5 15. Ne3 Qc6 16. e5 Nh5 17. exd6 exd6 18. Ned5 Be6 19. Qe2 Nxg3 20. Nf6+ Ke7 21. Nfd5+ Kd8 22. fxg3 Bxd5 23. Nxd5 Qxd5 24. Bc4 Qe5 25. Bxf7 Bg7 26. Qxe5 Bxe5 27. 0-0 Kc7 28. b4 Ne4 29. Bg6 Bd4+ 0-1

[Event "Miskolc Avas op-B"]
[Site "Miskolc"]
[Date "1999.07.02"]
[Round "7"]
[White "Vodila, Sandor"]
[Black "Beres, Istvan"]
[Result "0-1"]
[WhiteElo "1741"]
[BlackElo "2052"]
[PlyCount "88"]
[EventDate "1999.06.30"]
[EventType "swiss"]
[EventRounds "9"]
[EventCountry "HUN"]
[SourceTitle "EXT 2004"]
[Source "ChessBase"]
[SourceDate "2003.11.25"]
[SourceVersion "1"]
[SourceVersionDate "2003.11.25"]
[SourceQuality "1"]

1. e4 g6 2. Nf3 Bg7 3. c3 d6 4. d4 Nf6 5. Bd3 Nbd7 6. Be3 0-0 7. Na3 e5 8. dxe5 dxe5 9. Nc4 Qe7 10. Qd2 a5 11. Bh6 Rd8 12. Bxg7 Kxg7 13. Qe2 b5 14. Ncd2 c6 15. Bc2 Nh5 16. Ng1 Nf4 17. Qf3 Nf6 18. h3 b4 19. Ne2 bxc3 20. bxc3 Nxe2 21. Qxe2 Ba6 22. c4 Qb4 23. Rb1 Qc3 24. Bb3 Nxe4 25. Qxe4 Qxd2+ 26. Kf1 Qd3+ 27. Qxd3 Rxd3 28. Ke2 Rad8 29. Rhd1 Rxd1 30. Rxd1 Rxd1 31. Kxd1 c5 32. Ke2 Bb7 33. g3 g5 34. Ke3 Bg2 35. h4 gxh4 36. gxh4 f5 37. f3 Bf1 38. Kf2 Bd3 39. Ke3 Bb1 40. Kd2 f4 41. a3 Kh6 42. Bc2 Bxc2 43. Kxc2 a4 44. Kd3 Kh5 0-1

[Event "HUN BAZ county-ch"]
[Site "Hungary"]
[Date "1995.??.??"]
[Round "?"]
[White "Beres, Istvan"]
[Black "Duzs, Jozsef"]
[Result "1/2-1/2"]
[WhiteElo "1900"]
[BlackElo "2070"]
[PlyCount "63"]
[EventDate "1995.??.??"]
[EventType "swiss"]
[EventRounds "9"]
[EventCountry "HUN"]
[SourceTitle "EXT 2004"]
[Source "ChessBase"]
[SourceDate "2003.11.25"]
[SourceVersion "1"]
[SourceVersionDate "2003.11.25"]
[SourceQuality "1"]

1. Nf3 Nf6 2. g3 d5 3. Bg2 c6 4. c4 dxc4 5. Ne5 Ng4 6. Nxc4 Qd4 7. Ne3 Nxe3 8. fxe3 Qf6 9. Nc3 e5 10. Ne4 Qd8 11. 0-0 Be7 12. b4 0-0 13. Bb2 f6 14. Qb3+ Kh8 15. d4 exd4 16. exd4 Bg4 17. Rfe1 Qb6 18. Nc5 Na6 19. h3 Bc8 20. Nxa6 Qxa6 21. a4 Qb6 22. b5 a6 23. Reb1 axb5 24. axb5 Rxa1 25. Bxa1 Bd6 26. bxc6 Qxb3 27. Rxb3 bxc6 28. Bxc6 Bxh3 29. Kf2 g5 30. e4 Kg7 31. Bb2 Kg6 32. Ba3 1/2-1/2

[Event "HUN BAZ county-ch"]
[Site "Hungary"]
[Date "1995.??.??"]
[Round "?"]
[White "Beres, Istvan"]
[Black "Pikovszki, Janos"]
[Result "1-0"]
[WhiteElo "1900"]
[BlackElo "1890"]
[PlyCount "75"]
[EventDate "1995.??.??"]
[EventType "swiss"]
[EventRounds "9"]
[EventCountry "HUN"]
[SourceTitle "EXT 2004"]
[Source "ChessBase"]
[SourceDate "2003.11.25"]
[SourceVersion "1"]
[SourceVersionDate "2003.11.25"]
[SourceQuality "1"]

1. e4 c5 2. Nc3 Nc6 3. f4 e6 4. Nf3 Nd4 5. d3 a6 6. g3 b5 7. Bg2 Bb7 8. Be3 Nc6 9. Bf2 d6 10. Ne2 Nf6 11. h3 Qc7 12. 0-0 e5 13. g4 h6 14. a4 Be7 15. axb5 axb5 16. Rxa8+ Bxa8 17. Bg3 Nd7 18. c3 g5 19. fxg5 hxg5 20. Qb3 Qb6 21. Kh1 c4 22. Qa2 Bb7 23. d4 exd4 24. Nexd4 Nce5 25. Nxe5 dxe5 26. Nf5 Bc5 27. b4 Be3 28. Rd1 f6 29. Qe2 Bf4 30. Bf2 Qc7 31. Nd6+ Ke7 32. Nxb5 Qc6 33. Nd6 Ba8 34. b5 Qc7 35. Nxc4 Nc5 36. Bxc5+ Qxc5 37. Qd3 Rxh3+ 38. Qxh3 1-0

[Event "HUN BAZ county-ch"]
[Site "Hungary"]
[Date "1995.??.??"]
[Round "?"]
[White "Csabai, Gyula"]
[Black "Beres, Istvan"]
[Result "1/2-1/2"]
[WhiteElo "1890"]
[BlackElo "1900"]
[PlyCount "129"]
[EventDate "1995.??.??"]
[EventType "swiss"]
[EventRounds "9"]
[EventCountry "HUN"]
[SourceTitle "EXT 2004"]
[Source "ChessBase"]
[SourceDate "2003.11.25"]
[SourceVersion "1"]
[SourceVersionDate "2003.11.25"]
[SourceQuality "1"]

1. h3 c5 2. e4 Nc6 3. b3 Nf6 4. d3 d5 5. exd5 Nxd5 6. Bb2 e5 7. Nf3 f6 8. g3 Be7 9. Bg2 Be6 10. 0-0 Qd7 11. Kh2 h5 12. Nh4 0-0-0 13. Ng6 Rh6 14. Nxe7+ Ndxe7 15. Nd2 h4 16. g4 Nd5 17. Ne4 Qe7 18. Bc1 g5 19. f3 Nf4 20. Ba3 b6 21. Qe1 Nd4 22. Rf2 f5 23. Nc3 fxg4 24. fxg4 Nxg2 25. Kxg2 Bd7 26. Qe3 Bc6+ 27. Ne4 Ne6 28. Raf1 Nf4+ 29. Kh2 Rd4 30. Bb2 Rd8 31. Nd2 Re6 32. Ne4 Rg6 33. a4 Re8 34. a5 Qb7 35. axb6 axb6 36. Re1 Qc7 37. Qd2 Rd8 38. Qe3 Rd4 39. Qd2 Bxe4 40. Rxe4 Rxe4 41. dxe4 Rd6 42. Qc3 Rd4 43. Qe1 Rd7 44. Qa1 Qc6 45. Qa6+ Qb7 46. Qxb7+ Kxb7 47. Bxe5 Ne6 48. Kg2 b5 49. Bh2 c4 50. bxc4 bxc4 51. c3 Nc5 52. Re2 Rd3 53. Be5 Ne6 54. Rf2 Re3 55. Rf6 Nd8 56. Bd4 Rxe4 57. Rb6+ Kc7 58. Rb4 Ne6 59. Rxc4+ Kd6 60. Ra4 Nf4+ 61. Kf3 Re8 62. Ra6+ Kd7 63. Ra7+ Kc6 64. Rf7 Nxh3 65. Be3 1/2-1/2

[Event "HUN BAZ county-ch"]
[Site "Hungary"]
[Date "1995.??.??"]
[Round "?"]
[White "Landenberger, Laszlo"]
[Black "Beres, Istvan"]
[Result "1-0"]
[WhiteElo "2065"]
[BlackElo "1900"]
[PlyCount "63"]
[EventDate "1995.??.??"]
[EventType "swiss"]
[EventRounds "9"]
[EventCountry "HUN"]
[SourceTitle "EXT 2004"]
[Source "ChessBase"]
[SourceDate "2003.11.25"]
[SourceVersion "1"]
[SourceVersionDate "2003.11.25"]
[SourceQuality "1"]

1. c4 e5 2. Nc3 Nc6 3. g3 f5 4. Bg2 Nf6 5. d3 Bc5 6. a3 a5 7. Nd5 0-0 8. h4 f4 9. gxf4 Ng4 10. e3 d6 11. Nh3 h6 12. Qe2 Bd7 13. Bd2 Rb8 14. 0-0-0 Nf6 15. Rdg1 b5 16. Nxf6+ Rxf6 17. Bd5+ Kh8 18. Ng5 Qe8 19. Ne4 Rf5 20. Ng3 Rf8 21. Nh5 g6 22. Ng3 exf4 23. Bc3+ Kh7 24. Ne4 Ne5 25. d4 c6 26. dxc5 cxd5 27. Nxd6 Qe6 28. cxb5 f3 29. Qc2 Rg8 30. h5 Ng4 31. a4 Nf6 32. Rxg6 1-0